Skład Zagłebia Lubin - Sezon 25/26 Ekstraklasa - Statystyki

Ogólne statystyki
  • Ten quiz został rozwiązany 36 razy
  • Średni wynik to 20 z 34
Statystyki odpowiedzi
Numer Narodowość Wiek Piłkarz % Poprawnych
1 Bośnia i Hercegowina 38 Jasmin Buric
97%
30 Polska 30 Dominik Hładun
90%
55 Portugalia 28 Leonardo Rocha
90%
9 Grecja 23 Michalis Kosidis
84%
Polska Leszek Ojrzyński
81%
44 Polska 19 Marcel Reguła
77%
3 Ukraina 24 Roman Yakuba
77%
25 Polska 32 Michał Nalepa
74%
12 Polska 38 Rafał Gikiewicz
74%
8 Polska 33 Damian Dąbrowski
71%
27 Kolumbia 26 Jesus Diaz
71%
16 Bośnia i Hercegowina 30 Josip Corluka
71%
77 Polska 23 Kajetan Szmyt
71%
5 Polska 26 Aleks Ławniczak
68%
31 Polska 19 Igor Orlikowski
68%
39 Polska 21 Filip Kocaba
65%
11 Polska 35 Arkadiusz Woźniak
61%
13 Polska 29 Mateusz Grzybek
58%
6 Polska 26 Tomasz Makowski
58%
18 Polska 27 Adam Radwański
55%
35 Chorwacja 30 Luka Lucic
52%
20 Polska 18 Mateusz Dziewiatowski
52%
17 Polska 29 Mateusz Wdowiak
52%
22 Polska 18 Adam Matysek
45%
4 Polska 27 Damian Michalski
45%
99 Polska 18 Cyprian Popielec
39%
7 Polska 26 Marek Mróz
39%
26 Polska 21 Jakub Kolan
35%
71 Polska 18 Kamil Nowogoński
32%
14 Szwecja 30 Ludvig Fritzson
32%
19 Polska 24 Jakub Sypek
26%
15 Polska 27 Hubert Adamczyk
23%
2 Polska 21 Kamil Sochan
23%
23 Polska 22 Patryk Kusztal
19%
Nie znaleziono quizów pasujących do podanych kryteriów
Rozkład punktacji
Procent ludzi z każdym wynikiem
Percentyl według liczby udzielonych odpowiedzi
Twoja historia wyników
Nie rozwiązałeś tego quizu